000 00288nam a22001337a 4500
008 171103b xxu||||| |||| 00| 0 eng d
020 _a2900073215746
041 _aeng
080 _22ND
_a339.138
100 _a60
101 _aMAR
245 _aMARKETING
_cKERIN,R.A
942 _2udc
_cBK
999 _c37539
_d37539